Christianity and the soul of the university : (Record no. 30209)
[ view plain ]
| 000 -LEADER | |
|---|---|
| fixed length control field | 01628nam a2200217 4500 |
| 008 - FIXED-LENGTH DATA ELEMENTS--GENERAL INFORMATION | |
| fixed length control field | 070924s2006 miu b 001 0 eng |
| 020 ## - INTERNATIONAL STANDARD BOOK NUMBER | |
| International Standard Book Number | 0801027942 :Php989.75/465.82 |
| 020 ## - INTERNATIONAL STANDARD BOOK NUMBER | |
| International Standard Book Number | 9780801027949 |
| 090 ## - LOCALLY ASSIGNED LC-TYPE CALL NUMBER (OCLC); LOCAL CALL NUMBER (OCLC) | |
| Classification number (OCLC) (R) ; Classification number, CALL (RLIN) (NR) | BV639.C6 |
| Local cutter number (OCLC) ; Book number/undivided call number, CALL (RLIN) | C46h |
| -- | 2006 |
| 245 00 - TITLE STATEMENT | |
| Title | Christianity and the soul of the university : |
| Remainder of title | faith as a foundation for intellectual community / |
| Statement of responsibility, etc | edited by Douglas V. Henry and Michael D. Beaty. |
| 260 ## - PUBLICATION, DISTRIBUTION, ETC. (IMPRINT) | |
| Place of publication, distribution, etc | Grand Rapids, Mich. : |
| Name of publisher, distributor, etc | Baker Academic, |
| Date of publication, distribution, etc | c2006. |
| 300 ## - PHYSICAL DESCRIPTION | |
| Extent | 192 p. ; |
| Dimensions | 23 cm. |
| 504 ## - BIBLIOGRAPHY, ETC. NOTE | |
| Bibliography, etc | Includes bibliographical references and index. |
| 505 0# - FORMATTED CONTENTS NOTE | |
| Formatted contents note | Part 1: Basic issues -- The palpable word as ground of Koinåonia / Richard B. Hays -- To serve God wittily, in the tangle of one's mind / Jean Bethke Elshtain -- Christian interdisciplinarity / John C. Polkinghorne -- The Christian scholar in an age of world Christianity / Joel A. Carpenter -- Faith, fortitude, and the future of Christian intellectual community / David Lyle Jeffrey -- Part 2: Vital practices -- Doubt and the hermeneutics of delight / Susan M. Felch -- Christian hospitality in the intellectual community / Aurelie A. Hagstrom -- Communal conflict in the postmodern Christian university / Steven R. Harmon -- Moral imagination at a Christian institution / Daniel Russ and Mark L. Sargent -- American Protestantism and vocation in higher education / Daniel H. Williams. |
| 650 #4 - SUBJECT ADDED ENTRY--TOPICAL TERM | |
| Topical term or geographic name as entry element | College students |
| General subdivision | Religious life. |
| 650 #4 - SUBJECT ADDED ENTRY--TOPICAL TERM | |
| Topical term or geographic name as entry element | Universities and colleges |
| General subdivision | Religion. |
| 951 ## - EQUIVALENCE OR CROSS-REFERENCE-GEOGRAPHIC NAME/AREA NAME [OBSOLETE] [CAN/MARC only] | |
| General subdivision | 00035842 |
| 700 1# - ADDED ENTRY--PERSONAL NAME | |
| Personal name | Beaty, Michael D. |
| 700 1# - ADDED ENTRY--PERSONAL NAME | |
| Personal name | Henry, Douglas V. |
| 951 ## - EQUIVALENCE OR CROSS-REFERENCE-GEOGRAPHIC NAME/AREA NAME [OBSOLETE] [CAN/MARC only] | |
| -- | 31244 |
| -- | BV639.C6/C46h/2006 |
| -- | 070924161930437 |
| -- | 2000-12-21 |
| -- | GC |
| Withdrawn status | Lost status | Damaged status | Not for loan | Home library | Current library | Shelving location | Date acquired | Accession number | Shelving control number | Total Checkouts | Full call number | Barcode | Date last seen | Price effective from | Koha item type |
|---|---|---|---|---|---|---|---|---|---|---|---|---|---|---|---|
| BSOP Library | BSOP Library | GC | 12/21/2000 | 31244 | 127 | BV639.C6/C46h/2006 | 00035842 | 02/23/2013 | 02/23/2013 | Books |
